000 00815cam a22002653a 4500
001 1795
003 PGUSA
005 20140828083006.0
008 990601s1999||||xxu|||||s|||||000 | eng d
040 _aPGUSA
_beng
042 _adc
050 4 _aPR
100 1 _aShakespeare, William,
_d1564-1616
245 1 0 _aMacbeth
_h[electronic resource] /
_cWilliam Shakespeare
260 _bProject Gutenberg,
_c1999
506 _aCopyrighted. Read the copyright notice inside this book for details.
516 _aElectronic text
653 _aTragedies
653 _aMacbeth, King of Scotland, active 11th century -- Drama
653 _aScotland -- Kings and rulers -- Drama
653 _aRegicides -- Drama
830 0 _aProject Gutenberg
_v1795
856 4 0 _uhttp://www.gutenberg.org/ebooks/1795
942 _cEB
999 _c231138
_d231138